000 00758nam a2200193Ia 4500
003 OSt
005 20250131143920.0
008 210210b2005 xxu||||| |||| 00| 0 eng d
040 _cAL
041 _aKannada
082 _a919.404K TRID
100 _aTRIVENI SHIVAKUMAR
_dತ್ರಿವೇಣಿ ಶಿವಕುಮಾರ್
_9196720
245 _aDivya maunada deshagalalli: Australia mattu New Zealand deshagala pravvsa kathana
_bದಿವ್ಯ ಮೌನದ ದೇಶಗಳಲ್ಲಿ: ಆಸ್ಟ್ರೇಲಿಯಾ ಮತ್ತು ನ್ಯೂಜಿಲ್ಯಾಂಡ್ ದೇಶಗಳ ಪ್ರವಾಸ ಕಥನ
260 _aBengaLuru
_b-
_c2005
300 _aviii,151
690 _aTravel
_9196721
906 _a065231
942 _2ddc
_cBK
999 _c142646
_d142646